MARC details
| 000 -LEADER |
| campo de control de longitud fija |
01145nam a2200313 i 4500 |
| 001 - NÚMERO DE CONTROL |
| campo de control |
85794 |
| 005 - FECHA Y HORA DE LA ÚLTIMA TRANSACCIÓN |
| campo de control |
20260317162712.0 |
| 007 - CAMPO FIJO DE DESCRIPCIÓN FÍSICA--INFORMACIÓN GENERAL |
| campo de control de longitud fija |
ta |
| 008 - DATOS DE LONGITUD FIJA--INFORMACIÓN GENERAL |
| campo de control de longitud fija |
260317s2025 sp a b 001 0deng d |
| 017 ## - NÚMERO DE COPYRIGHT O DE DEPÓSITO LEGAL |
| Número de copyright o de depósito legal |
M 340-2025, |
| Agencia que asigna |
Oficina Depósito Legal Madrid |
| 020 ## - NÚMERO INTERNACIONAL ESTÁNDAR DEL LIBRO |
| Número Internacional Estándar del Libro |
9788418760525 |
| 040 ## - FUENTE DE CATALOGACIÓN |
| Centro catalogador/agencia de origen |
ES-VgU |
| Lengua de catalogación |
glg |
| Centro/agencia transcriptor |
ES-VgU |
| Centro/agencia modificador |
M-RABA |
| 080 ## - NÚMERO DE LA CLASIFICACIÓN DECIMAL UNIVERSAL |
| Número de la Clasificación Decimal Universal |
76 Villafranca, Pedro de |
| 100 1# - ENTRADA PRINCIPAL--NOMBRE DE PERSONA |
| Nombre de persona |
McDonald, Mark P., |
| Término indicativo de función/relación |
autor |
| 9 (RLIN) |
42323 |
| 245 10 - MENCIÓN DEL TÍTULO |
| Título |
Pedro de Villafranca : |
| Resto del título |
printmaker at the Court of Philip IV / |
| Mención de responsabilidad, etc. |
Mark McDonald |
| 260 ## - PUBLICACIÓN, DISTRIBUCIÓN, ETC. |
| Lugar de publicación, distribución, etc. |
Madrid : |
| Nombre del editor, distribuidor, etc. |
Centro de Estudios Europa Hispánica (CEEH), |
| Fecha de publicación, distribución, etc. |
[2025] |
| 300 ## - DESCRIPCIÓN FÍSICA |
| Extensión |
438 p. : |
| Otras características físicas |
ilustraciones (en color y en blanco y negro) ; |
| Dimensiones |
28 cm |
| 336 ## - TIPO DE CONTENIDO |
| Término de tipo de contenido |
Texto |
| Código de tipo de contenido |
txt |
| 336 ## - TIPO DE CONTENIDO |
| Término de tipo de contenido |
Imaxe Fixa |
| Código de tipo de contenido |
sti |
| 337 ## - TIPO DE MEDIO |
| Nombre/término del tipo de medio |
sen mediaci�on |
| Código del tipo de medio |
n |
| Fuente |
rdamedia |
| 338 ## - TIPO DE SOPORTE |
| Nombre/término del tipo de soporte |
volume |
| Código del tipo de soporte |
nc |
| Fuente |
rdacarrier |
| 504 ## - NOTA DE BIBLIOGRAFÍA, ETC. |
| Nota de bibliografía, etc. Nota |
Bibliografía : pp. 413-425 |
| 546 ## - NOTA DE IDIOMA |
| Nota de lengua/lenguaje |
Texto en inglés |
| 600 17 - PUNTO DE ACCESO ADICIONAL DE MATERIA--NOMBRE DE PERSONA |
| Nombre de persona |
Villafranca Malagón, Pedro ( |
| Fechas asociadas al nombre |
ca. 1615-1684) |
| 9 (RLIN) |
38632 |
| 650 10 - PUNTO DE ACCESO ADICIONAL DE MATERIA--TÉRMINO DE MATERIA |
| Término de materia o nombre geográfico como elemento de entrada |
Pintores españoles- |
| Subdivisión cronológica |
S. XVII-XVIII |
| 9 (RLIN) |
109721 |
| 710 2# - ENTRADA AGREGADA--NOMBRE DE ENTIDAD CORPORATIVA |
| Nombre de entidad corporativa o nombre de jurisdicción como elemento de entrada |
Centro de Estudios Europa Hispánica. |
| Término indicativo de función/relación |
editor |
| 9 (RLIN) |
60224 |
| 852 ## - LOCALIZACIÓN |
| Ubicación |
M-RABA |
| Número de control de estantería |
I-1343 |
| 942 ## - ELEMENTOS DE ENTRADA SECUNDARIOS (KOHA) |
| Tipo de ítem Koha |
Fondo moderno |
| Suprimir en OPAC |
No |